000 00305nam a22001337a 4500
008 181107b xxu||||| |||| 00| 0 eng d
020 _a0582284031
041 _aeng
080 _a316
100 _a50
101 _aSOC
245 _aPolicy for the Social Work Practitioner
_cPierce, D
942 _2udc
_cBK
999 _c52160
_d52160